| 000 | 01407njm a2200301Ia 4500 | ||
|---|---|---|---|
| 001 | F0423 | ||
| 003 | IT-RoPAU | ||
| 005 | 20220918181150.0 | ||
| 008 | 131025s9999 xx 000 0 und d | ||
| 040 | _aIT-RoPAU | ||
| 040 | _cIT-RoPAU | ||
| 041 | _aSPAGNOLO | ||
| 999 |
_c102064 _d102064 |
||
| 999 | _bn.d. | ||
| 100 |
_aSalinas Horacio _932152 |
||
| 100 |
_eAutore musica _932153 |
||
| 100 |
_gCodice autore musica SPICS: 50234 _932154 |
||
| 245 | _aEn vivo en el monumental | ||
| 250 | _a1a ed. | ||
| 260 |
_bCGD EAST WEST _c1998 [1a Ed.:1997 - Ed. Lingua Orig.: 1998] |
||
| 300 | _aCOMPACT DISC | ||
| 300 | _c60 minuti (Testo: pag.) | ||
| 500 | _aMusica folk. | ||
| 505 | _aIntroduccion Kalimba (Salinas) - Canto de las estrellas (Seves- Chaparro) - La fiesta de San Benito (Salinas-Seves) - Kullacas (Salinas) - Tatati (Salinas) - Corazon maldito (Parra) - El aparecido (Parra) - Mulata (Salinas-Guillen) - Medianoche (Salinas-Manns) - Maria Canela (Salinas) - Mi chiquita (Salinas, Guillen) - El carnaval (Salinas) - El mercado Testaccio (Salinas) - Arriesgare la piel (Salinas-Manns) - Quien eres tu (Salinas-Manns) - Senora Chichera (P.D.). | ||
| 650 |
_aFOLK [COMPACT DISC] _eCodice MATERIA SPICS: 9949 _932155 |
||
| 700 |
_aSeves José _eAutore testo e musica _gCodice autore testo/musica SPICS: 50235 _932156 |
||
| 700 |
_aInti-Illimani _eInterprete _gCodice interprete SPICS: 10953 _932157 |
||
| 942 |
_cCD _2ddc |
||